000 01901nam a2200361 4500
001 114017
003 DR-UNIBE
005 20260526062559.0
008 250805b2011 dr ||||| |||| 00| 1 spa d
020 _a9789945246001
040 _aBIBLIOTECA UNIBE
_bspa
_cBIBLIOTECA UNIBE
_erda
041 _aspa
090 _aFBIU-L CI P426ó 2011
100 1 0 _aPeralta Romero, Rafael,
_d1948 -
_953494
_eautor
245 1 3 _aA la orilla del mar /
_cRafael Peralta Romero ; ilustraciones: Erika Soto Salcedo; dirección editorial: Claudia Llibre; dirección de arte y producción: Moisés Kelly Santana ; Subdirección de arte: Lilian Salcedo Fernández; edición: Jorge Luis Zamora; corrección de estilo: Mirtha González Gutiérrez; diagramación: Ana Gómez Otaño; prólogo: Lucia Amelia Cabral
260 _aSanto Domingo:
_bLoqueleo :
_bSantillana,
_c2011
300 _a114 páginas:
_bilustraciones a color ;
_c19 x 13 cm
490 _aSerie naranja / Cuento ;
_n+10
500 _aPremio de Literatura Infantil Aurora Tavárez Belliard 2011. Incluye índice, datos del autor al final de la obra y comentario de la misma en la contraportada
653 _aCuentos infantiles dominicanos
653 7 _aMar - Cuentos infantiles dominicanos
653 7 _a Los Uveros, República Dominicana - Cuentos infantiles dominicanos
653 7 _aLiteratura infantil dominicana
700 1 0 _aSoto Salcedo, Erika
_9198231
_eilustrador
700 1 0 _aLlibre, Claudia
_9115216
_edirector editorial
700 1 0 _aKelly Santana, Moisés
_9115217
_edirector de arte
_eproducción
700 1 0 _aSalcedo Fernández, Lilian
_9115218
_esubdirector de arte
700 1 0 _aZamora, Jorge Luis
_9155167
_eeditor
700 0 _aGonzález Gutiérrez, Mirtha,
_d1959-
_ecorrector de estilo
_957813
700 1 0 _aGómez Otaño, Ana
_9115219
_ediagramación
700 1 0 _aCabral, Lucía Amelia
_953513
_eprologuista
942 _2ddc
_cBK
999 _c114017
_d114017